| 000 | 00527nam a2200157Ia 4500 | ||
|---|---|---|---|
| 008 | 100122s9999 xx 000 0 und d | ||
| 082 |
_b74060 _a920.72 |
||
| 100 | _aआपराद आशा | ||
| 245 | _aभोगले जे दु:ख त्याला | ||
| 250 | _a1 | ||
| 260 |
_bमेहता पब्लिशिंग हाऊस _c2008 |
||
| 300 | _a275 | ||
| 630 | _aभोगले जे दु:ख त्याला | ||
| 730 | _aभोगले जे दु:ख त्याला | ||
| 942 | _cBOOK | ||
| 999 |
_c390054 _d390051 |
||